000 00479nam a2200169 i 4500
001 33924
003 ES-MaACL
005 20230908192500.0
007 t|
008 030203s1901 sp ||||1| spa d
100 1 _aBlasco, Eusebio,
_d1844-1903
_9126018
245 1 0 _aCuentos aragoneses /
_cpor Eusebio Blasco.
260 _aMadrid :
_b[s.n.,
_c1901] (
_fViuda de G. Pedraza)
300 _aX, 189 p. ;
_c19 cm.
852 _aES-MaACL
_jB-2613
999 _c33924
_d33924